Vista normal
Vista MARC
Entrada Personal Name
Número de registros utilizados en: 1
001 - CONTROL NUMBER
- control field: 36695
003 - CONTROL NUMBER IDENTIFIER
- control field: OSt
005 - DATE AND TIME OF LATEST TRANSACTION
- control field: 20210407125424.0
008 - FIXED-LENGTH DATA ELEMENTS
- fixed length control field: 210407|| aca||aabn | a|a d
040 ## - CATALOGING SOURCE
- Original cataloging agency: OSt
- Transcribing agency: OSt
100 ## - HEADING--PERSONAL NAME
- Personal name: Moreno Mosquera, Antonio Wilson
670 ## - SOURCE DATA FOUND
- Source citation: Work cat.: (OSt): Moreno Mosquera, Antonio Wilson, autor, El guali / , [1999?]